00875nam a22002177a 450000500170000001000150001702000260003203500140005803700130007208200220008510000220010724500880012925000150021726000400023227001450027230000270041750000380044494200240048299900190050695201320052520230915124431.0 aENG-138019 a9789390434497c595.00 aEN-121551 bDBAD/PUB a526.92First 2021 aBoro, Anil956697 aHandbooks of Practicals in Remote Sensing GIS and GPS for Beginners/cBy Anil Boro aFirst 2021 aAssambEBH Publishers (India)c2021 bAssama136, M.L. Nehru Road, Panbazar, Guwahatie781001k+913612513876k+913612519231k9207045352l+913612519231measternbookhouse@gmail.com a238p.c24cm(pbk)bill. aA Textbook For UG and PG Students 2ddccENh526.9mBOR c198185d198185 001040708NFICaVPbVPd2023-09-15eDBAD/PUBg595.00l0o526.9 BORpEN-121551r2023-09-15 00:00:00t1v595.00w2023-09-15yEN